[Event "BL2 West 1516 (Women) playoff"]
[Site "Germany"]
[Date "2016.04.03"]
[Round "1.4"]
[White "Bork, Sophie"]
[Black "Thesing, Irene"]
[Result "1-0"]
[WhiteElo "1704"]
[BlackElo "1942"]
[PlyCount "59"]
[EventDate "2016.04.03"]
[EventType "team-match"]
[EventRounds "1"]
[EventCountry "GER"]
[SourceTitle "EXT 2017"]
[Source "ChessBase"]
[SourceDate "2016.10.25"]
[SourceVersion "1"]
[SourceVersionDate "2016.10.25"]
[SourceQuality "1"]
[WhiteTeam "Paderborn (W)"]
[BlackTeam "Heiden (W)"]
[WhiteTeamCountry "GER"]
[BlackTeamCountry "GER"]

1. e4 c5 2. c3 e6 3. d4 cxd4 4. cxd4 d5 5. e5 Nc6 6. Nf3 Nge7 7. Nc3 Nf5 8. Bb5 a6 9. Ba4 Be7 10. Bc2 Nh4 11. Nxh4 Bxh4 12. Qg4 g6 13. 0-0 f5 14. exf6 Bxf6 15. Be3 e5 16. Qe2 e4 17. Rad1 0-0 18. Nxd5 Be6 19. Nxf6+ Rxf6 20. d5 Qc7 21. dxe6 Rf5 22. Bxe4 Rh5 23. h3 Ne5 24. Bf4 Rf8 25. Bxe5 Rxe5 26. Rd7 Qc5 27. Qc2 Qb5 28. Rxb7 Qa5 29. Bxg6 Rxe6 30. Bxh7+ 1-0

[Event "BL2 West 1516 (Women)"]
[Site "Germany"]
[Date "2015.12.06"]
[Round "4.4"]
[White "Thesing, Irene"]
[Black "Browning, Rebecca"]
[Result "1-0"]
[WhiteElo "1932"]
[BlackElo "1589"]
[PlyCount "117"]
[EventDate "2015.09.26"]
[EventType "team-tourn"]
[EventRounds "7"]
[EventCountry "GER"]
[SourceTitle "EXT 2017"]
[Source "ChessBase"]
[SourceDate "2016.10.25"]
[SourceVersion "1"]
[SourceVersionDate "2016.10.25"]
[SourceQuality "1"]
[WhiteTeam "Heiden (W)"]
[BlackTeam "Paderborn (W)"]
[WhiteTeamCountry "GER"]
[BlackTeamCountry "GER"]

1. e4 e6 2. d4 d5 3. exd5 exd5 4. Nf3 Bg4 5. Be2 Nf6 6. 0-0 Nbd7 7. Ne5 Bxe2 8. Qxe2 Qe7 9. Re1 0-0-0 10. Bd2 Ne4 11. Nxd7 Qxd7 12. Nc3 Nxd2 13. Qxd2 Bb4 14. a3 Bxc3 15. Qxc3 h5 16. Re5 f6 17. Re3 Rhe8 18. Rae1 g5 19. h3 g4 20. Qd2 Rxe3 21. Rxe3 Rg8 22. h4 b6 23. Qe2 Kb7 24. Re6 Rf8 25. Re7 Qa4 26. Qd2 Qc6 27. Rh7 Qe8 28. Qf4 Qc6 29. c3 Re8 30. Rxh5 Qa4 31. Rh7 Qd1+ 32. Kh2 Rc8 33. Qxf6 Qf1 34. Rg7 Qe2 35. Qf5 Qxb2 36. Qxd5+ Kb8 37. Rxg4 Qxc3 38. Rg3 Qe1 39. Rf3 Rh8 40. g3 Qd1 41. Rf7 Qg4 42. Kg2 Qg8 43. Qd7 Qd8 44. d5 Rg8 45. Qxd8+ Rxd8 46. Rf5 a5 47. h5 Kb7 48. h6 Rh8 49. Rh5 Rh7 50. g4 b5 51. g5 b4 52. axb4 axb4 53. Rh4 Rh8 54. Rxb4+ Kc8 55. Rf4 c5 56. dxc6 Kc7 57. Rc4 Rh7 58. Kg3 Kd6 59. c7 1-0

[Event "BL2 West 1213 (Women)"]
[Site "Germany"]
[Date "2013.03.10"]
[Round "7.2"]
[White "Thesing, Irene"]
[Black "Freter, Anke"]
[Result "1/2-1/2"]
[WhiteElo "1947"]
[BlackElo "1900"]
[PlyCount "73"]
[EventDate "2012.10.06"]
[EventType "team-tourn"]
[EventRounds "7"]
[EventCountry "GER"]
[SourceTitle "EXT 2018"]
[Source "ChessBase"]
[SourceDate "2017.10.13"]
[SourceVersion "1"]
[SourceVersionDate "2017.10.13"]
[SourceQuality "1"]
[WhiteTeam "Heiden (W)"]
[BlackTeam "Quickborn Holstein (W)"]
[WhiteTeamCountry "GER"]
[BlackTeamCountry "GER"]

1. e4 c5 2. Nf3 Nc6 3. d4 cxd4 4. Nxd4 Nf6 5. Nc3 e5 6. Ndb5 d6 7. Bg5 a6 8. Na3 Be7 9. Bxf6 Bxf6 10. Nd5 Bg5 11. Bd3 Be6 12. c4 Bxd5 13. cxd5 Qa5+ 14. Kf1 Nd4 15. Nc4 Qd8 16. a4 0-0 17. Qg4 Bh6 18. h4 Rc8 19. Rh3 Nb3 20. Rd1 Nc5 21. Be2 Nxa4 22. b3 Nc5 23. Rg3 b5 24. Ne3 Qf6 25. Nf5 Rcd8 26. b4 Nb7 27. Qh5 Kh8 28. Nxh6 Qxh6 29. Qxh6 gxh6 30. Rc1 a5 31. bxa5 Nxa5 32. Bxb5 Rb8 33. Bd7 Nb3 34. Rd1 Rb4 35. Re3 Nd4 36. g3 Ra8 37. Red3 1/2-1/2

[Event "Ruhrgebiet VK2 1112"]
[Site "Nordrheinwestfalen"]
[Date "2012.03.04"]
[Round "7.5"]
[White "Thesing, Irene"]
[Black "Kallies, Christian"]
[Result "1/2-1/2"]
[WhiteElo "1853"]
[BlackElo "1739"]
[PlyCount "30"]
[EventDate "2012.09.18"]
[EventType "team-tourn"]
[EventRounds "9"]
[EventCountry "GER"]
[SourceTitle "EXT 2020"]
[Source "ChessBase"]
[SourceDate "2019.10.17"]
[SourceVersion "1"]
[SourceVersionDate "2019.10.17"]
[SourceQuality "1"]
[WhiteTeam "Drewer SG"]
[BlackTeam "Recklinghausen Laeufer Ost II"]
[WhiteTeamCountry "GER"]
[BlackTeamCountry "GER"]

1. e4 e6 2. d4 d5 3. exd5 exd5 4. Nf3 Nf6 5. Bd3 Bd6 6. Bg5 Qe7+ 7. Qe2 Qxe2+ 8. Bxe2 Ne4 9. Be3 0-0 10. 0-0 Bg4 11. Re1 Nd7 12. Nbd2 Nxd2 13. Nxd2 Bxe2 14. Rxe2 Rfe8 15. Rae1 Kf8 1/2-1/2

[Event "Ruhrgebiet VK2 1112"]
[Site "Nordrheinwestfalen"]
[Date "2012.01.08"]
[Round "5"]
[White "Happe, Ulrich"]
[Black "Thesing, Irene"]
[Result "1-0"]
[WhiteElo "2007"]
[BlackElo "1853"]
[PlyCount "81"]
[EventDate "2012.09.18"]
[EventType "team-tourn"]
[EventRounds "9"]
[EventCountry "GER"]
[SourceTitle "EXT 2020"]
[Source "ChessBase"]
[SourceDate "2019.10.17"]
[SourceVersion "1"]
[SourceVersionDate "2019.10.17"]
[SourceQuality "1"]
[WhiteTeam "Rochade Steele/Kray"]
[BlackTeam "Drewer SG"]
[WhiteTeamCountry "GER"]
[BlackTeamCountry "GER"]

1. c4 e5 2. Nc3 Nf6 3. Nf3 Nc6 4. d4 exd4 5. Nxd4 Bb4 6. g3 0-0 7. Bg2 Ne5 8. Qb3 Bc5 9. Nf3 d6 10. 0-0 Rb8 11. Bg5 Nxf3+ 12. Bxf3 h6 13. Bxf6 Qxf6 14. Ne4 Qe5 15. Nxc5 Qxc5 16. Rac1 Be6 17. Qd3 Qe5 18. Qa3 a5 19. Rfd1 b6 20. Rd2 Rfe8 21. Qa4 Re7 22. a3 Bd7 23. Qd1 Be6 24. b4 axb4 25. axb4 g6 26. e3 Kg7 27. Qe2 Rd7 28. Ra2 c5 29. Rb2 cxb4 30. Rxb4 d5 31. Rb5 Qc7 32. Qb2+ d4 33. exd4 Kg8 34. c5 Qd8 35. c6 Ra7 36. d5 Bf5 37. Qe5 Rc8 38. d6 Bh3 39. c7 Qd7 40. Rxb6 Re8 41. Rb8 1-0

[Event "Ruhrgebiet VK2 1112"]
[Site "Nordrheinwestfalen"]
[Date "2011.11.13"]
[Round "3"]
[White "Ratzmann, Stefan"]
[Black "Thesing, Irene"]
[Result "1/2-1/2"]
[WhiteElo "1892"]
[BlackElo "1853"]
[PlyCount "66"]
[EventDate "2012.09.18"]
[EventType "team-tourn"]
[EventRounds "9"]
[EventCountry "GER"]
[SourceTitle "EXT 2020"]
[Source "ChessBase"]
[SourceDate "2019.10.17"]
[SourceVersion "1"]
[SourceVersionDate "2019.10.17"]
[SourceQuality "1"]
[WhiteTeam "Oberhausen SV III"]
[BlackTeam "Drewer SG"]
[WhiteTeamCountry "GER"]
[BlackTeamCountry "GER"]

1. d4 c5 2. d5 Nf6 3. Nc3 g6 4. e4 d6 5. f4 Bg7 6. Bb5+ Bd7 7. a4 0-0 8. Be2 Na6 9. Nf3 Qc7 10. 0-0 Ne8 11. Bc4 Kh8 12. Qe2 Qb6 13. a5 Qc7 14. e5 e6 15. dxe6 fxe6 16. Ng5 d5 17. Bxa6 bxa6 18. Qxa6 Qc8 19. Qxc8 Rxc8 20. Bd2 Nc7 21. Na4 Nb5 22. c3 h6 23. Nf3 Rf7 24. c4 dxc4 25. Rfc1 Nd4 26. Rxc4 Nb3 27. Ra3 Bb5 28. Re4 Bc6 29. Re2 Bxf3 30. gxf3 Nxd2 31. Rxd2 Rxf4 32. Re2 Rf5 33. Rae3 c4 1/2-1/2

[Event "Ruhrgebiet VK2 1112"]
[Site "Nordrheinwestfalen"]
[Date "2011.10.09"]
[Round "2.5"]
[White "Thesing, Irene"]
[Black "Jaeger, Heinz"]
[Result "0-1"]
[WhiteElo "1853"]
[BlackElo "1991"]
[PlyCount "68"]
[EventDate "2012.09.18"]
[EventType "team-tourn"]
[EventRounds "9"]
[EventCountry "GER"]
[SourceTitle "EXT 2020"]
[Source "ChessBase"]
[SourceDate "2019.10.17"]
[SourceVersion "1"]
[SourceVersionDate "2019.10.17"]
[SourceQuality "1"]
[WhiteTeam "Drewer SG"]
[BlackTeam "Bottrop SV"]
[WhiteTeamCountry "GER"]
[BlackTeamCountry "GER"]

1. e4 g6 2. d4 Bg7 3. Nf3 d6 4. c4 Nc6 5. Be3 e5 6. Nc3 Bg4 7. dxe5 Nxe5 8. Qa4+ Bd7 9. Qd1 Ne7 10. Nxe5 Bxe5 11. Bd4 Nc6 12. Bxe5 Nxe5 13. Be2 h5 14. f4 Nc6 15. 0-0 Qf6 16. Nb5 0-0-0 17. e5 dxe5 18. fxe5 Qxe5 19. Bf3 Qc5+ 20. Kh1 Ne5 21. Qb3 Bxb5 22. cxb5 Rd3 23. Qa4 Nxf3 24. gxf3 Kb8 25. Rac1 Qd6 26. Rf2 g5 27. Re2 Rd8 28. Qc4 Rd1+ 29. Kg2 Rxc1 30. Qxc1 Qd5 31. Re7 Rc8 32. a4 g4 33. Qf4 gxf3+ 34. Qxf3 Qg5+ 0-1

[Event "GER-chT3 West (Women) 0405"]
[Site "Germany"]
[Date "2004.11.07"]
[Round "1.1"]
[White "Thesing, Irene"]
[Black "Ringelstein, Gabriele"]
[Result "1-0"]
[WhiteElo "1799"]
[BlackElo "1777"]
[PlyCount "57"]
[EventDate "2004.11.07"]
[EventType "team-tourn"]
[EventRounds "5"]
[EventCountry "GER"]
[SourceTitle "EXT 2006"]
[Source "ChessBase"]
[SourceDate "2005.11.24"]
[SourceVersion "1"]
[SourceVersionDate "2005.11.24"]
[SourceQuality "1"]
[WhiteTeam "Essen Borbeck (W)"]
[BlackTeam "Duesseldorf (W)"]
[WhiteTeamCountry "GER"]
[BlackTeamCountry "GER"]

1. e4 e6 2. d4 d5 3. exd5 exd5 4. Bd3 Bd6 5. Nf3 Nf6 6. 0-0 0-0 7. b3 Bg4 8. c4 c6 9. Nbd2 Re8 10. Qc2 Nbd7 11. Bb2 Rc8 12. Rae1 Nf8 13. Ne5 Bb8 14. f4 Qd6 15. Ndf3 h6 16. Nxg4 Nxg4 17. Ne5 Nf6 18. Re3 N8d7 19. Rg3 Re7 20. Ng4 Rce8 21. c5 Qc7 22. Nxh6+ Kh8 23. Nf5 Re1 24. Nd6 Rxf1+ 25. Kxf1 Re7 26. Rh3+ Kg8 27. Bh7+ Kh8 28. Bf5+ Kg8 29. Qf2 1-0

[Event "Dortmund op-A"]
[Site "Dortmund"]
[Date "2004.07.29"]
[Round "7"]
[White "Gerlach, Gerold"]
[Black "Thesing, Irene"]
[Result "0-1"]
[WhiteElo "1973"]
[BlackElo "1721"]
[PlyCount "102"]
[EventDate "2004.07.??"]
[EventType "swiss"]
[EventRounds "9"]
[EventCountry "GER"]
[SourceTitle "EXT 2006"]
[Source "ChessBase"]
[SourceDate "2005.11.24"]
[SourceVersion "1"]
[SourceVersionDate "2005.11.24"]
[SourceQuality "1"]

1. Nc3 e5 2. e4 Bc5 3. Nf3 d6 4. Bb5+ c6 5. Ba4 Nf6 6. d3 b5 7. Bb3 Bg4 8. h3 Bh5 9. g4 Bg6 10. Bg5 Nbd7 11. a3 Qb6 12. Qe2 h5 13. Rg1 hxg4 14. hxg4 Nf8 15. Bxf6 gxf6 16. 0-0-0 Bxf2 17. Rh1 Rxh1 18. Rxh1 0-0-0 19. Rh8 Ne6 20. Bxe6+ fxe6 21. Rh3 Be3+ 22. Nd2 Bf4 23. Kb1 Qg1+ 24. Ka2 a5 25. b4 axb4 26. axb4 Kc7 27. Nb3 Ra8+ 28. Na5 c5 29. Kb3 Kb6 30. d4 c4+ 31. Kb2 exd4 32. Nxb5 Qc1+ 33. Ka2 Rxa5+ 34. bxa5+ Kxb5 35. Rb3+ Kc5 36. Rb1 Qd2 37. Qxd2 Bxd2 38. a6 Bxe4 39. a7 c3 40. Rb8 e5 41. a8Q Bxa8 42. Rxa8 Kd5 43. Rf8 Bg5 44. Kb3 Ke4 45. Kc4 d5+ 46. Kb3 Kf4 47. Rd8 Kxg4 48. Rxd5 Kf4 49. Kc4 Ke4 50. Rd7 f5 51. Kc5 f4 0-1

[Event "NRW-ch U16/18 Girls"]
[Site "Wolfsburg"]
[Date "2004.04.16"]
[Round "6"]
[White "Thesing, Irene"]
[Black "Zhang, Fan"]
[Result "0-1"]
[WhiteElo "1604"]
[BlackElo "1860"]
[PlyCount "62"]
[EventDate "2004.04.??"]
[EventType "swiss"]
[EventRounds "7"]
[EventCountry "GER"]
[SourceTitle "EXT 2005"]
[Source "ChessBase"]
[SourceDate "2004.11.15"]
[SourceVersion "1"]
[SourceVersionDate "2004.11.15"]
[SourceQuality "1"]

1. e4 e6 2. d4 d5 3. exd5 exd5 4. Bd3 Nc6 5. c3 Bd6 6. Nf3 Bg4 7. 0-0 Nge7 8. Re1 Qd7 9. Nbd2 0-0-0 10. b4 Rde8 11. b5 Nd8 12. Bb2 Bf5 13. Bxf5 Nxf5 14. Qb3 f6 15. a4 Rxe1+ 16. Rxe1 g5 17. h3 h5 18. Kf1 g4 19. Ng1 Bf4 20. Qc2 Rg8 21. Qd3 Nh4 22. hxg4 Qxg4 23. g3 Bd6 24. Qe2 Qg6 25. Ndf3 Nf5 26. Qd1 h4 27. gxh4 Nxh4 28. Nxh4 Qxg1+ 29. Ke2 Re8+ 30. Kd2 Qxf2+ 31. Re2 Rxe2+ 0-1

[Event "NRW-ch U16/18 Girls"]
[Site "Wolfsburg"]
[Date "2004.04.15"]
[Round "5"]
[White "Thesing, Irene"]
[Black "Drose, Daniela"]
[Result "1-0"]
[WhiteElo "1604"]
[BlackElo "1264"]
[PlyCount "125"]
[EventDate "2004.04.??"]
[EventType "swiss"]
[EventRounds "7"]
[EventCountry "GER"]
[SourceTitle "EXT 2005"]
[Source "ChessBase"]
[SourceDate "2004.11.15"]
[SourceVersion "1"]
[SourceVersionDate "2004.11.15"]
[SourceQuality "1"]

1. e4 c5 2. Nf3 d6 3. d4 cxd4 4. Nxd4 Nf6 5. Nc3 Nc6 6. Be2 e6 7. 0-0 Be7 8. h3 0-0 9. Be3 Nxd4 10. Bxd4 a6 11. f4 b5 12. Bf3 Bb7 13. a3 Qc7 14. Rc1 Rfd8 15. Qe1 e5 16. Be3 d5 17. exd5 Nxd5 18. Nxd5 Bxd5 19. Bg4 exf4 20. Bxf4 Qb6+ 21. Kh1 Bf6 22. c3 Qc6 23. Qg3 Re8 24. Rc2 Re7 25. Bd6 Bh4 26. Qxh4 Qxd6 27. Rd2 Re5 28. Rfd1 Qc6 29. Qg3 Rae8 30. Kh2 h5 31. Bf3 Bxf3 32. Qxf3 Qxf3 33. gxf3 Re2+ 34. Kg3 Rxd2 35. Rxd2 Re6 36. f4 g6 37. Kf3 Kg7 38. Rd4 f6 39. c4 bxc4 40. Rxc4 g5 41. b4 gxf4 42. Kxf4 Kg6 43. Rc3 f5 44. Re3 Rd6 45. Ke5 Rd1 46. Rg3+ Kh6 47. Kxf5 Ra1 48. Ke5 h4 49. Rf3 Kg5 50. Rf5+ Kg6 51. Rf6+ Kg5 52. Rxa6 Rh1 53. Ra8 Rxh3 54. Rg8+ Kh5 55. Kf4 Rxa3 56. Rh8+ Kg6 57. Rxh4 Kf6 58. Ke4 Ke6 59. Rh6+ Kd7 60. Kd5 Kc7 61. Kc5 Kb7 62. Rh7+ Ka8 63. Kb6 1-0

[Event "NRW-ch U16/18 Girls"]
[Site "Wolfsburg"]
[Date "2004.04.13"]
[Round "2"]
[White "Samorukova, Jana"]
[Black "Thesing, Irene"]
[Result "0-1"]
[WhiteElo "1380"]
[BlackElo "1604"]
[PlyCount "102"]
[EventDate "2004.04.??"]
[EventType "swiss"]
[EventRounds "7"]
[EventCountry "GER"]
[SourceTitle "EXT 2005"]
[Source "ChessBase"]
[SourceDate "2004.11.15"]
[SourceVersion "1"]
[SourceVersionDate "2004.11.15"]
[SourceQuality "1"]

1. d4 Nf6 2. c4 g6 3. Nc3 Bg7 4. e4 d6 5. Be3 0-0 6. Bd3 Nbd7 7. Nge2 e5 8. f3 exd4 9. Nxd4 Ne5 10. 0-0 Be6 11. Nxe6 fxe6 12. Be2 Qe7 13. Qb3 b6 14. Rfd1 Nh5 15. Qc2 Qh4 16. Qd2 Qf6 17. Nb5 Qf7 18. Rac1 a6 19. Nd4 Nd7 20. b3 Be5 21. Bh6 Bf4 22. Bxf4 Nxf4 23. Rf1 Qf6 24. Bd1 Qg5 25. Kh1 Qf6 26. g3 e5 27. Ne2 Ne6 28. f4 Ndc5 29. Bc2 exf4 30. Nxf4 Qg5 31. Qd5 Rae8 32. b4 Qxd5 33. exd5 Nxf4 34. Rxf4 Rxf4 35. gxf4 Ne4 36. Kg2 Nd2 37. Bd3 Re3 38. Bf1 Ne4 39. Rc2 Kf7 40. h3 Kf6 41. Re2 Rxe2+ 42. Bxe2 Nc3 43. Kf3 Nxa2 44. b5 a5 45. Bd1 Nc3 46. Bc2 a4 47. Ke3 a3 48. Bb3 a2 49. Bxa2 Nxa2 50. Ke4 Nc3+ 51. Kd3 Nd1 0-1

[Event "NRW-ch U16/18 Girls"]
[Site "Wolfsburg"]
[Date "2004.04.13"]
[Round "3"]
[White "Thesing, Irene"]
[Black "Mass, Elvira"]
[Result "0-1"]
[WhiteElo "1604"]
[BlackElo "1986"]
[PlyCount "88"]
[EventDate "2004.04.??"]
[EventType "swiss"]
[EventRounds "7"]
[EventCountry "GER"]
[SourceTitle "EXT 2005"]
[Source "ChessBase"]
[SourceDate "2004.11.15"]
[SourceVersion "1"]
[SourceVersionDate "2004.11.15"]
[SourceQuality "1"]

1. e4 e6 2. d4 d5 3. exd5 exd5 4. Bd3 Bd6 5. Nf3 Ne7 6. 0-0 f6 7. c4 dxc4 8. Bxc4 Nbc6 9. Re1 Bg4 10. Be3 a6 11. Nc3 Qd7 12. a3 Qf5 13. Be2 0-0 14. h3 Bxf3 15. Bxf3 Kh8 16. Bg4 Qa5 17. Ne4 f5 18. Nxd6 cxd6 19. Bf3 f4 20. Bc1 Qb6 21. d5 Ne5 22. Be4 Rf6 23. b4 Raf8 24. Bb2 Rh6 25. Bd4 Qd8 26. Kh2 Nf5 27. Bc3 Qh4 28. Bxe5 dxe5 29. Bxf5 Rxf5 30. Qf3 Rd6 31. Rac1 Qd8 32. Red1 g6 33. Qe4 Kg7 34. Qc4 Rf7 35. Qc8 Qxc8 36. Rxc8 Rfd7 37. Rc2 Kf6 38. Rcd2 e4 39. f3 e3 40. Rd4 g5 41. g3 Rxd5 42. Rxd5 Rxd5 43. Re1 Rd2+ 44. Kg1 Rf2 0-1

[Event "Dortmund op-B"]
[Site "Dortmund"]
[Date "2003.08.07"]
[Round "6"]
[White "Glienke, Norbert"]
[Black "Thesing, Irene"]
[Result "1-0"]
[WhiteElo "1704"]
[BlackElo "1398"]
[PlyCount "71"]
[EventDate "2003.08.01"]
[EventType "swiss"]
[EventRounds "9"]
[EventCountry "GER"]
[SourceTitle "CBM 095 Extra"]
[Source "ChessBase"]
[SourceDate "2003.09.04"]
[SourceVersion "1"]
[SourceVersionDate "2003.09.04"]
[SourceQuality "1"]

1. d4 f5 2. Nc3 g6 3. Bf4 Bg7 4. e3 Nf6 5. Bc4 e6 6. Nf3 Nc6 7. a3 b6 8. Qe2 0-0 9. 0-0 Bb7 10. Rad1 Qe7 11. Nb5 d5 12. Bd3 Ne8 13. c4 Na5 14. cxd5 Bxd5 15. b4 Nb7 16. Rc1 c6 17. Nc3 Nbd6 18. Nxd5 cxd5 19. Rc6 h6 20. Rfc1 Ne4 21. Ne5 g5 22. Ng6 Qf7 23. Nxf8 Qxf8 24. Be5 Qf7 25. Bxg7 Nxg7 26. Rc7 Qf8 27. Bxe4 dxe4 28. Qc4 Qf6 29. Rc8+ Rxc8 30. Qxc8+ Kh7 31. Qd7 f4 32. Rc7 a5 33. bxa5 bxa5 34. Ra7 Kg6 35. Qb5 Nf5 36. Qe8+ 1-0

[Event "Dortmund op-B"]
[Site "Dortmund"]
[Date "2003.08.02"]
[Round "2"]
[White "Ellen, Jan"]
[Black "Thesing, Irene"]
[Result "1/2-1/2"]
[WhiteElo "1802"]
[BlackElo "1398"]
[PlyCount "27"]
[EventDate "2003.08.01"]
[EventType "swiss"]
[EventRounds "9"]
[EventCountry "GER"]
[SourceTitle "CBM 095 Extra"]
[Source "ChessBase"]
[SourceDate "2003.09.04"]
[SourceVersion "1"]
[SourceVersionDate "2003.09.04"]
[SourceQuality "1"]

1. e4 c5 2. Nf3 Nc6 3. d4 cxd4 4. Nxd4 Nf6 5. Nc3 a6 6. Be3 e6 7. Bd3 Bb4 8. 0-0 0-0 9. f4 Bc5 10. Be2 d6 11. Qd2 e5 12. Nf5 Bxf5 13. exf5 Qb6 14. Bxc5 1/2-1/2

[Event "Ruhrgebiet-ch U18 Girls"]
[Site "Muelheim"]
[Date "2003.04.14"]
[Round "3"]
[White "Zemella, Jennifer"]
[Black "Thesing, Irene"]
[Result "1-0"]
[WhiteElo "1423"]
[BlackElo "1324"]
[PlyCount "157"]
[EventDate "2003.04.??"]
[EventType "tourn"]
[EventRounds "5"]
[EventCountry "GER"]
[SourceTitle "EXT 2005"]
[Source "ChessBase"]
[SourceDate "2004.11.15"]
[SourceVersion "1"]
[SourceVersionDate "2004.11.15"]
[SourceQuality "1"]

1. e4 c5 2. d4 cxd4 3. c3 dxc3 4. Nxc3 Nc6 5. Bc4 e6 6. Nf3 Bb4 7. Bd2 Nge7 8. 0-0 0-0 9. Qe2 a6 10. a3 Bc5 11. Rfd1 Qc7 12. Rac1 b5 13. Bb3 Qb8 14. Na2 Bb6 15. Nb4 Bb7 16. Nxc6 Nxc6 17. Bc3 d6 18. Qd2 Bc7 19. Qg5 e5 20. Qf5 Ne7 21. Qg4 Ng6 22. Bd2 Qd8 23. Qh5 Ne7 24. Ng5 h6 25. Nxf7 d5 26. Nd6 Qb8 27. Nxb7 Qxb7 28. Bb4 Bb6 29. Bxe7 Qxe7 30. Bxd5+ Kh8 31. Bxa8 Bxf2+ 32. Kh1 Rxa8 33. Qf5 Bd4 34. Rc8+ Rxc8 35. Qxc8+ Kh7 36. b4 Qf6 37. h3 Bb2 38. Qc2 Bd4 39. Qe2 Qf4 40. Rf1 Qg3 41. Rf3 Qg5 42. Qf1 Be3 43. Qe1 Bd2 44. Qg3 Qxg3 45. Rxg3 Bf4 46. Rd3 Bc1 47. Kg1 Kg6 48. Rf3 Bb2 49. Kf1 h5 50. h4 Kh6 51. Ke2 Bc1 52. Kd1 Bb2 53. Kc2 Bd4 54. g3 Ba1 55. Rd3 Bd4 56. Kb3 Bf2 57. Rd6+ g6 58. Rd3 Bd4 59. a4 Kg7 60. Rf3 Kh7 61. axb5 axb5 62. Rf7+ Kh6 63. Rf6 Kg7 64. Rf3 Kh7 65. Rf7+ Kh6 66. Rb7 Bf2 67. Rxb5 Bxg3 68. Rd5 Bxh4 69. Rxe5 Bf6 70. Re6 Kg5 71. e5 Bd8 72. Re8 Bc7 73. e6 Bd6 74. b5 Kf6 75. Kc4 h4 76. Kd5 Be7 77. b6 h3 78. b7 h2 79. Rh8 1-0

[Event "Ruhrgebiet-ch U18 Girls"]
[Site "Muelheim"]
[Date "2002.03.27"]
[Round "7"]
[White "Hemken to Krax, Scarlett"]
[Black "Thesing, Irene"]
[Result "0-1"]
[WhiteElo "1178"]
[BlackElo "1107"]
[PlyCount "64"]
[EventDate "2002.??.??"]
[EventType "tourn"]
[EventRounds "7"]
[EventCountry "GER"]
[SourceTitle "EXT 2003"]
[Source "ChessBase"]
[SourceDate "2002.11.25"]
[SourceVersion "1"]
[SourceVersionDate "2002.11.25"]
[SourceQuality "1"]

1. e4 e5 2. g3 Nf6 3. Nc3 Bc5 4. Bg2 d6 5. Nf3 Bg4 6. d3 h6 7. 0-0 Nc6 8. Nd5 Nxd5 9. exd5 Nd4 10. Be3 Nxf3+ 11. Bxf3 Bxf3 12. Qxf3 Bb6 13. c3 Qd7 14. a3 c6 15. dxc6 bxc6 16. b4 0-0 17. a4 Rab8 18. b5 cxb5 19. axb5 Bxe3 20. fxe3 Rxb5 21. c4 Rb3 22. d4 exd4 23. exd4 Rxf3 24. Rxf3 Qg4 25. Rd3 Ra8 26. Ra6 Qe2 27. Rc3 Qe1+ 28. Kg2 Qxc3 29. Rxd6 Qxc4 30. d5 Qe4+ 31. Kg1 Qe2 32. Rc6 Rb8 0-1

[Event "Ruhrgebiet-ch U18 Girls"]
[Site "Muelheim"]
[Date "2002.03.26"]
[Round "6"]
[White "Thesing, Irene"]
[Black "Klinger, Jacquelin"]
[Result "1/2-1/2"]
[WhiteElo "1107"]
[BlackElo "1111"]
[PlyCount "55"]
[EventDate "2002.??.??"]
[EventType "tourn"]
[EventRounds "7"]
[EventCountry "GER"]
[SourceTitle "EXT 2003"]
[Source "ChessBase"]
[SourceDate "2002.11.25"]
[SourceVersion "1"]
[SourceVersionDate "2002.11.25"]
[SourceQuality "1"]

1. e4 Nc6 2. Nf3 Nf6 3. Nc3 d6 4. d3 e5 5. Bg5 Be7 6. Be2 Bg4 7. h3 Bxf3 8. Bxf3 h6 9. Bxf6 Bxf6 10. 0-0 0-0 11. Nd5 Nd4 12. Nxf6+ Qxf6 13. c3 Nxf3+ 14. Qxf3 Qxf3 15. gxf3 Rfe8 16. Rac1 Re6 17. d4 Rf6 18. Kg2 Re8 19. Rfe1 Ree6 20. Re3 Rg6+ 21. Kh2 Rg5 22. Rg1 Rh5 23. Rg4 exd4 24. cxd4 c5 25. d5 Re7 26. Rc3 b5 27. Kg3 b4 28. Rc4 1/2-1/2

[Event "Ruhrgebiet-ch U18 Girls"]
[Site "Muelheim"]
[Date "2002.03.26"]
[Round "5"]
[White "Zemella, Jennifer"]
[Black "Thesing, Irene"]
[Result "1-0"]
[WhiteElo "1256"]
[BlackElo "1107"]
[PlyCount "65"]
[EventDate "2002.??.??"]
[EventType "tourn"]
[EventRounds "7"]
[EventCountry "GER"]
[SourceTitle "EXT 2003"]
[Source "ChessBase"]
[SourceDate "2002.11.25"]
[SourceVersion "1"]
[SourceVersionDate "2002.11.25"]
[SourceQuality "1"]

1. e4 e5 2. Nf3 Nc6 3. Bc4 Nf6 4. Nc3 Bc5 5. d3 h6 6. 0-0 d6 7. h3 0-0 8. a3 Be6 9. Nd5 Bxd5 10. exd5 Nd4 11. c3 Nf5 12. a4 a5 13. Qc2 Ne7 14. Qe2 Nfxd5 15. Nh2 Nf6 16. Ng4 Ng6 17. Qf3 Nxg4 18. Qxg4 Qf6 19. Be3 Bxe3 20. fxe3 Qe7 21. Qxg6 Rad8 22. Qg3 c6 23. Bb3 d5 24. Rae1 b5 25. Bc2 Rb8 26. b3 bxa4 27. bxa4 Rb2 28. Rc1 f6 29. Rfe1 Qc5 30. Qg6 Qxc3 31. d4 exd4 32. Qh7+ Kf7 33. Bg6+ 1-0

[Event "Ruhrgebiet-ch U18 Girls"]
[Site "Muelheim"]
[Date "2002.03.24"]
[Round "3"]
[White "Schulte, Michaela"]
[Black "Thesing, Irene"]
[Result "1-0"]
[WhiteElo "1394"]
[BlackElo "1107"]
[PlyCount "95"]
[EventDate "2002.??.??"]
[EventType "tourn"]
[EventRounds "7"]
[EventCountry "GER"]
[SourceTitle "EXT 2003"]
[Source "ChessBase"]
[SourceDate "2002.11.25"]
[SourceVersion "1"]
[SourceVersionDate "2002.11.25"]
[SourceQuality "1"]

1. e4 e5 2. Nf3 Nc6 3. Bc4 Nf6 4. Nc3 Bc5 5. d3 d6 6. h3 h6 7. 0-0 0-0 8. Be3 Bxe3 9. fxe3 Be6 10. Bb3 Bxb3 11. axb3 a6 12. Nd5 Nxd5 13. exd5 Ne7 14. e4 c6 15. dxc6 Nxc6 16. c3 Qb6+ 17. Kh1 Qc7 18. Nh4 g6 19. Qg4 Kh8 20. Rf2 Qe7 21. Raf1 h5 22. Qg3 Qe6 23. Qg5 Qe7 24. Qxe7 Nxe7 25. Rxf7 Kg8 26. R7f2 Kg7 27. Nf3 Rf6 28. Ng5 Rxf2 29. Rxf2 Kg8 30. Kg1 Rf8 31. Ne6 Rxf2 32. Kxf2 b5 33. Nc7 Kf7 34. Nxa6 Nc8 35. c4 bxc4 36. bxc4 Nb6 37. b3 Ke6 38. Ke2 Kd7 39. Nb4 g5 40. Nd5 Nxd5 41. exd5 Kc7 42. Ke3 Kb6 43. b4 Kc7 44. Ke4 Kd7 45. Kf5 g4 46. hxg4 hxg4 47. Kxg4 Ke7 48. Kg5 1-0